00390cam a22000977a 4500008004000000082001600040245012600056260005000182300000800232700005200240180718b1959 xxu||||| |||| 00| 0 eng d aQ104x42 Un3 aReport of the committee on the rating of charities and kindred bodiescby Her Majesty's Stationery Office, United Kingdom aLondonbHer Majesty's Stationery Officec1959 a86p aUnited Kingdom. Her majesty's Stationery Office